000 00537cam a22001932 4500
001 0000005169
005 20170406120419.0
008 141204s xx 000 0 eng d
020 _c$
040 _aYour Holding Symbol
_cYour Holding Symbol
100 1 _aScott,Norman.
245 1 0 _aArthroplasty :
_ban atlas of surgical technique.
250 _a ed.
260 _aNew york :
_bRockville,
_c1987.
300 _a194 p. :
_bill ;
_c cm.
650 0 _aatlas.
908 _a141204
999 _c4973
_d4973